| 000 | 00688nam a2200205 4500 | ||
|---|---|---|---|
| 001 | 85731 | ||
| 003 | BD-RjUL | ||
| 005 | 20250917105421.0 | ||
| 008 | 250917b |||||||| |||| 00| 0 eng d | ||
| 035 | _a(BD-RjUL)85731 | ||
| 040 |
_aBD-RjUL _beng _cBD-RjUL |
||
| 041 | _aurd | ||
| 082 |
_223 _a297.27 _bALM 2008 |
||
| 100 |
_aعالم، اسرار ;; Alam, Asrar _916927 |
||
| 245 |
_aمعرکہ دجال اکبر تفکیر ،تدبیر اور تعمیل ; Ma'raka-e-dajjal-e-akbara / _cIsrar-ul-Haaq اسرار عالم |
||
| 260 |
_aNewDelhi : _bdar al ilm, _c2005 |
||
| 300 |
_a191 p. ; _c21 cm |
||
| 650 |
_aفتنۂ دجال — مطالعہ و تحقیق _916926 |
||
| 942 |
_2ddc _cBK |
||
| 999 |
_c85731 _d85731 |
||